English ACT Prep - Statistics

General Stats
  • This quiz has been taken 34 times
  • The average score is 10 of 10
Answer Stats
Hint Answer % Correct
We went to the mall, and _____ we went to get ice cream. then
100%
It is ______ cold to go outside. too
100%
Katie cried because she wanted ____ puppies for Christmas, but she only received one. two
100%
Mrs. Anderson and her family loved grooming _________ dog in unique ways. their
97%
Penelope went over ________ to get her sweater back. there
97%
I hope __________ coming to the party. they're
97%
Jean has always wanted _____ try a cubano sandwich. to
97%
I want to know the name of the person ______ landed on the moon. who
97%
I'd rather eat salad _____ dessert. than
94%
Mr. Long asked his student Benjamin to _____ the sweater left behind belongs. whom
91%
No matching quizzes found
Score Distribution
Percent of People with Each Score
Percentile by Number Answered
Your Score History
You have not taken this quiz